<The> Malcolm Baldrige National Quality Award <A> Yardstick for Quality Growth

Salvato in:
Dettagli Bibliografici
Autore principale: Heaphy, Maureen S.
Altri autori: Gruska, Gregory F.
Natura: Libro
Lingua:inglese
Pubblicazione: Reading Addison-Wesley Publ. Co. 1995
Edizione:1. ed.
Serie:Engineering Process Improvement Series
Soggetti:
Tags: Aggiungi Tag
Nessun Tag, puoi essere il primo ad aggiungerne!!

MARC

LEADER 00000nam a2200000 4500
001 c020072
005 20230116131837.3
020 |a 0-201-63368-X 
041 0 |a eng 
044 |a US 
245 1 0 |a <The> Malcolm Baldrige National Quality Award  |b <A> Yardstick for Quality Growth  |c Maureen S. Heaphy, Gregory F. Gruska 
250 |a 1. ed. 
264 1 |a Reading  |b Addison-Wesley Publ. Co.  |c 1995 
300 |a 440 s. 
490 1 |a Engineering Process Improvement Series 
830 0 |a Engineering Process Improvement Series 
610 2 0 |a riadenie kvality 
610 2 0 |a kontrola kvality 
610 2 0 |a TQM 
610 2 0 |a kvalita 
610 2 0 |a technológia 
610 2 0 |a kvalita 
610 2 0 |a štúdie prípadové 
100 1 |a Heaphy, Maureen S. 
700 1 |a Gruska, Gregory F.